01218 a2200193 45000010006000000050017000060080041000230030015000640400040000790800056001192450051001752640029002263000019002555050669002740410008009431000018009517000026009697000029009952511220260407155534.0260407a1968 arg spa dAR-UNSa-BCEJYS aAR-UNSa-BCEJYSbspacAR-UNSa-BCEJYS a519.2xProbabilidades y estadística matemática 10aIntroducción a la estadística matemática 1aBarcelona :bArielc1968 a451 p.c23 cm. a1. Introducción - 2. Probabilidad - 3. Naturaleza de los métodos estadísticos - 4. Distribuciones de frecuencias de una variable - 5. Distribuciones teóricas de frecuenias de una variable - 6. Teoría general del muestreo para una variable - 7. Correlación y regresión - 8. Distribuciones de frecuencias teóricad para la correlación y regresión - 9. Principios generales de verificación o contrastación de hipótesis y de la estimación - 10. Verificación de la bondad de un ajuste - 11. Distribuciones de las muestras pequeñas - 12. Programación estadística de experimentos - 13. Métodos no paramétricos - 14. Otros métodos. aspa1 aHoel, Paul G.1 aBarbancho, Alfonso G.1 aHerranz Yuste, Alejandro